00744nam a2200217Ia 4500003000400000005001700004008004100021020001400062040000700076041000800083082001300091100004300104245006800147260004500215300001200260365001400272906007200286942001200358999001900370952013700389OSt20230505100325.0210423s1996 xx 000 0 und d a911910131 cAL aeng a540 ONEM aONEIL (Maryadele J);others, Ed.998462 aMerck index: an encyclopedia of chemical drugs and biologicals. aNew JersybOxford University Pressc1996 axvibHB b3042cINR aan ; biologicals ; chemical ; drugs ; encyclopedia ; index: ; Merck 2ddccBK c163319d163319 001040708BTaSACPGbSACPGd2006-04-06eEducational Suppliesg3042.00l0o540 ONEMpPG009814r2022-08-24 00:00:00w2021-04-26yREF